Music Quiz

Random Music or Letter Quiz
Score 0/14 Timer 03:00
3 Plays Today
Song Band or Musician % Correct
Gangsta's ParadiseCoolio
81.7%
I Believe I Can FlyR. Kelly
67.7%
It Wasn't MeShaggy
65.8%
Killing Me SoftlyFugees
60.9%
Won't Get Fooled AgainThe Who
57.3%
Take My Breath AwayBerlin
49.5%
Slow RideFoghat
44.5%
Song Band or Musician % Correct
Black BettyRam Jam
42.6%
SandstormDarude
40.6%
Bodak YellowCardi B
36.2%
Cotton Eye JoeRednex
34.9%
Where Is My Mind?Pixies
33.8%
Wake Me UpAvicii
31.7%
LocationKhalid
14.2%
Remove Ads.
Support Sporcle.
Get the best of Sporcle when you Go Orange. This ad-free experience offers more features, more stats, and more fun while also helping to support Sporcle. Thank you for becoming a member.

You're not logged in!

Compare scores with friends on all Sporcle quizzes.
OR
Log In

Show Comments

Extras

Top Quizzes Today


Score Distribution

Your Account Isn't Verified!

In order to create a playlist on Sporcle, you need to verify the email address you used during registration. Go to your Sporcle Settings to finish the process.

Report this User

Report this user for behavior that violates our Community Guidelines.

Details: